Liczba rzeczy - wielokrotny wybór #2 - Statystyki

Ogólne statystyki
  • Ten quiz został rozwiązany 631 razy
  • Średni wynik to 7 z 12
Statystyki odpowiedzi
Zagadnienie Odpowiedź % Poprawnych
Ile Dalmatyńczyków ma Cruella de Vil? 101
100%
Jaka jest liczba „Diabeł”? 666
100%
Ilu graczy na boisku reprezentuje drużyna piłkarska? 11
89%
Ile krajów jest w Ameryce Południowej? 12
78%
Ilu członków jest w Unii Europejskiej? 28
67%
Jaka jest liczba magiczna (Magic Number) według De La Soul? 3
67%
Ile dni zajęło Phileas Fogg (Filip Fogg) podróżowanie po świecie? 80
67%
Ilu żon miał Prorok Muhammad? 11
44%
Jaka legenda jest najbardziej niebezpieczna dla gwiazdy rocka? 27
44%
Ile państw sowieckich jest w Związku Radzieckim? 15
33%
Ile osób mieszka w Watykanie według szacunków z 2017 roku? 1,000
11%
Ile lat musisz obsłużyć w Organizacji Morskiej Scjentologii, „Org Sea”, zgodnie z umową? 1,000,000,000,000
11%
Nie znaleziono quizów pasujących do podanych kryteriów
Rozkład punktacji
Procent ludzi z każdym wynikiem
Percentyl według liczby udzielonych odpowiedzi
Twoja historia wyników
Nie rozwiązałeś tego quizu